Bél Mátyás zseniális munkatársa 250 évvel ezelőtt halt meg Mikoviny Sámuel

Podrobná bibliografia
Hlavný autor: Lacza, Tihamér, 1948- (Autor)
Médium: Článok
Jazyk:maďarčina
Fyzický popis:Fotogr.
Predmet:

MARC

LEADER 00000nab a2200000 a 4500
001 vtls000720123
003 SK-MaSNL
005 20260319074443.0
008 160322c2000 xo 0 hun
015 |a SNBRB2000/04-11154 
035 |a CLN000072290 
040 |a SNKBUCL  |b slo  |c SNKBUCL  |e AACR2 
041 0 |a hun 
044 |a xo  |c SK 
080 |a 943.76-051"17"  |2 UDC-MRF-SK2 
080 |a 929 Mikovíni, Samuel  |2 UDC-MRF-SK2 
080 |a 528.9-051  |2 UDC-MRF-SK2 
100 1 |a Lacza, Tihamér,  |d 1948-  |4 aut  |9 100533 
245 1 0 |a Bél Mátyás zseniális munkatársa  |b 250 évvel ezelőtt halt meg Mikoviny Sámuel  |c Lacza Tihamér 
300 |b Fotogr. 
600 1 7 |a Mikovíni, Samuel,  |d 1686-1750  |2 snkbucl 
655 7 |a články z novín a časopisov  |2 snkbucl  |9 267496 
773 0 |t Új szó  |g Roč. 53, č. 71 (25.3.2000), s. 8 
850 |a Slovenská národná knižnica v Martine 
852 |a SNK  |b KIS3GCP 
958 |a HU 
958 |a SK 
958 |a BX 
958 |a RBX 
999 |c 1451049  |d 1452979